000 00829nam a2200217 a 4500
001 BRCA_8283
005 20190320210218.0
008 120614s1931----fr-ac##f##---#000-0#fre-#
041 _afre
044 _afr
050 4 _aN7124
_bE9 1931
245 1 0 _aExposition portugaise
_bde l´époque des grandes découvertes jusqu´au XXe siècle
_csousle haut patronage de monsieur le général Carmona, président de la Rèpublique Portugaise ; commisaire général Manuel da Silveira E Castro.
260 _aParis
_bGauthier-Villars
_c[1931?]
300 _a74 p.
_bil., retratos
_c25 cm.
500 _aS71
650 1 4 _aArte portugués
_vExhibiciones
_920689
700 1 _aCarmona, António Óscar
_cPresidente de Portugal
_920690
700 1 _aSilveira E Castro, Manuel da
_cComisario General
_920691
902 _aGFM
942 _2lcc
_cB
999 _c7951
_d7951